000 00581nam a2200241 a 4500
001 nice12345678
003 IN_TiNIC
005 20260116011321.0
008 050524s1946 oxfa grp 000 0 eng
020 _a
_c100
082 0 0 _a226
_bBLA
100 _aBlack, Matthew
245 _aAramic Approach to the Gospels and Acts.
260 _aOxford
_bClarendon Press
_c1946
300 _a250p
500 _aincludes index and biblioraphy
505 2 _aIndices
650 _aBible N.T. Gospel
700 1 _aBlack, Matthew
902 _bSRS
942 _cBK
999 _c458
_d458